Zhodnotenie finančnej podpory v účtovníctve cirkví na Slovensku s dôrazom na účtovníctvo bakalárska práca

Uložené v:
Podrobná bibliografia
Hlavný autor: Zeliska, Jakub
Korporativný autor: Fakulta hospodárskej informatiky EU. Katedra účtovníctva a audítorstva
Ďalší autori: Kordošová, Alena, 1970-
Médium: Kniha
Jazyk:Slovak
Vydavateľské údaje: Bratislava 2025
Tagy: Pridať tag
Žiadne tagy, Buďte prvý, kto otaguje tento záznam!

MARC

LEADER 00000nbm a2200000 4500
001 0310639
005 20251204112802.4
041 0 |a slo 
044 |a SK 
245 1 0 |a Zhodnotenie finančnej podpory v účtovníctve cirkví na Slovensku s dôrazom na účtovníctvo  |b bakalárska práca  |c Jakub Zeliska ; školiteľ: Alena Kordošová 
264 1 |a Bratislava  |c 2025 
300 |a 50 s. 
100 1 |a Zeliska, Jakub 
700 1 |a Kordošová, Alena, 1970- 
710 2 |a Fakulta hospodárskej informatiky EU. Katedra účtovníctva a audítorstva